<?xml version="1.0" encoding="UTF-8"?>
<collection xmlns="http://www.loc.gov/MARC21/slim">
 <record>
  <leader>01288nam a2200157Ia 4500</leader>
  <controlfield tag="001">UIH_08559</controlfield>
  <controlfield tag="008">241002s9999    xx            000 0 und d</controlfield>
  <datafield tag="082" ind1=" " ind2=" ">
   <subfield code="a"> 628</subfield>
  </datafield>
  <datafield tag="100" ind1=" " ind2=" ">
   <subfield code="a"> Đánh giá thực trạng tái chế nhựa tại các cơ sở sản xuất vừa hoặc nhỏ tại huyện Bình Chánh, Thành phố Hồ Chí Minh và đề xuất giải pháp chuyển đổi công nghệ để tham gia kinh tế tuần hoàn : Luận văn thạc sĩ - Chuyên ngành : Quản lý Tài nguyên và Môi trường</subfield>
  </datafield>
  <datafield tag="100" ind1=" " ind2=" ">
   <subfield code="a"> Nguyễn, Minh Phương</subfield>
  </datafield>
  <datafield tag="245" ind1=" " ind2="0">
   <subfield code="a"> Đánh giá thực trạng tái chế nhựa tại các cơ sở sản xuất vừa hoặc nhỏ tại huyện Bình Chánh, Thành phố Hồ Chí Minh và đề xuất giải pháp chuyển đổi công nghệ để tham gia kinh tế tuần hoàn : Luận văn thạc sĩ - Chuyên ngành : Quản lý Tài nguyên và Môi trường</subfield>
  </datafield>
  <datafield tag="260" ind1=" " ind2=" ">
   <subfield code="b"> Đại học Công nghiệp TP. Hồ Chí Minh</subfield>
  </datafield>
  <datafield tag="260" ind1=" " ind2=" ">
   <subfield code="c"> 2023</subfield>
  </datafield>
  <datafield tag="650" ind1=" " ind2=" ">
   <subfield code="a">Quản lý môi trường</subfield>
  </datafield>
  <datafield tag="927" ind1=" " ind2=" ">
   <subfield code="a">Luận văn</subfield>
  </datafield>
  <datafield tag="980" ind1=" " ind2=" ">
   <subfield code="a">Trung tâm Thư viện - Trường Đại học Công nghiệp TP. Hồ Chí Minh</subfield>
  </datafield>
 </record>
</collection>
